ბათუმის შოთა რუსთაველის სახელმწიფო უნივერსიტეტის ბიბლიოთეკა

ფსიქოანალიზის შესავალი / (ბიბ.ჩანაწერი № 54728)

000 -ლიდერი
ფიქსირებული სიგრძის საკონტროლო ველი 01167nam a2200253Ia 4500
001 - საკონტროლო ნომერი
საკონტროლო ველი 21795
003 - საკონტროლო ნომრის იდენტიფიკატორი
საკონტროლო ველი GE_BSU
005 - ბოლო ოპერაციის თარიღი და დრო
საკონტროლო ველი 20220414151727.0
008 - ფიქსირებული სიგრძის მონაცემთა ელემენტები - ზოგადი ინფორმაცია
ფიქსირებული სიგრძის საკონტროლო ველი 181216s2017||||ge |||||||||||||| ||geo||
020 ## - წიგნის საერთაშორისო სტანდარტული ნომერი
International Standard Book Number 9789941115400
040 ## - კატალოგიზაციის წყარო
Transcribing agency GE_BSU
041 ## - ენის კოდი
Language code of text/sound track or separate title geo
080 ## - უნივერსალური ათობითი კლასიფიკაციის ინდექსი
Universal Decimal Classification number 159.964.2 ვ-19
100 ## - მთავარი ჩანაწერი - პიროვნების სახელი
Personal name ვანიე, ალენ
9 (RLIN) 13678
245 ## - ცნობა სათაურის შესახებ
Title ფსიქოანალიზის შესავალი /
Statement of responsibility, etc ალენ ვანიე ; ფრანგულიდან თარგმნა გიგა მამინაშვილმა.
264 ## - წარმოების, გამოცემის, დისტრიბუციის და სხვა ცნობები
გამოცემის, წარმოების, დისტრიბუციის... ადგილი თბილისი :
გამოცემის, წარმოების, დისტრიბუციის... სახელწოდება დიოგენე,
გამოცემის, წარმოების, დისტრიბუციის... თარიღი 2017.
300 ## - ფიზიკური აღწერა
Extent 204 გვ. ;
Dimensions 19 სმ.
500 ## - ზოგადი შენიშვნა
General note წიგნი გამოიცა ფრანგული ინ-ტის საგამომცემლო დახმარების პროგრამის ფარგლებში
653 ## - INDEX TERM--UNCONTROLLED
Uncontrolled term ფსიქოანალიზის შესავალი
653 ## - INDEX TERM--UNCONTROLLED
Uncontrolled term ფსიქოლოგია
700 ## - ADDED ENTRY--PERSONAL NAME
Personal name მამინაშვილი, გიგა
Relator term მთარგმნელი
9 (RLIN) 13679
942 ## - ADDED ENTRY ELEMENTS (KOHA)
Koha item type წიგნი
Source of classification or shelving scheme
ეგზემპლარები
ჩამოწერის სტატუსი დაკარგული ეგზემპლარის სტატუსი კლასიფიკაციის წყარო ან თაროზე გაწყობის სქემა დაზიანების სტატუსი არ გაიცემა მუდმივი მდებარეობა (დაცვის ადგილი) ამჟამინდელი ადგილსამყოფელი თაროზე განთავსების ადგილი შეძენის თარიღი ღირებულება, შესყიდვის ნორმალური ფასი სრული შენახვის შიფრი შტრიხკოდი ბოლო ოპერაციის თარიღი ეგზემპლარის მიმდევრობითი ნომერი (კეტერი?) ფასის ძალაში შესვლის თარიღი ეგზემპლარის სახეობა საჯარო შენიშვნა
          ბათუმის შოთა რუსთაველის სახელმწიფო უნივერსიტეტის მთავარი ბიბლიოთეკა ბათუმის შოთა რუსთაველის სახელმწიფო უნივერსიტეტის მთავარი ბიბლიოთეკა წიგნსაცავი 2018-12-17 3.00 159.964.2 ვ-19 56197 2018-12-17 56197 2018-12-17 წიგნი 3.00 ₾.